| 000 | 00819nam a2200217 a 4500 | ||
|---|---|---|---|
| 001 | 48966 | ||
| 003 | BD-RjUL | ||
| 005 | 20211209054621.0 | ||
| 008 | 160817b ru a|||| |||| 00| f ben d | ||
| 035 | _a(BD-RjUL)49085 | ||
| 040 |
_aBD-RjUL _bben _cBD-RjUL |
||
| 041 | _aben | ||
| 082 |
_223 _a891.73 _bSET |
||
| 100 | 1 |
_aসেইদবেইলি, হাসান _9147438 |
|
| 245 | 1 | 0 |
_aটেলিফোনের মেয়ে / _cহাসান সেইদবেইলি |
| 260 |
_aমস্কো : _bবিদেশী ভাষায় সাহিত্য প্রকাশালয়, _c[?] |
||
| 300 |
_a২৪৩ পৃ. : _bচিত্র ; _c১৫ সেমি. |
||
| 650 |
_aরাশিয়ান উপন্যাস _9122082 |
||
| 650 |
_aRussian Fiction _9122083 |
||
| 942 |
_2ddc _cBK |
||
| 999 |
_c48966 _d48966 |
||